00000000nam 2200000zi 4500
0019.947507
003CaOODSP
00520250203142435
006m     o  d f      
007cr bn|||||||||
008250129e198101  oncd    ob   f000 0 eng d
040 |aCaOODSP|beng|erda|cCaOODSP
043 |an-cn---
0861 |aDR52-19/17-1981E-PDF
1001 |aNishi, R. Y., |eauthor.
24510|aXDC-2 digital decompression computer : |bassessment of decompression profiles by ultrasonic monitoring, phase II : 30-75 MSW / |cR.Y. Nishi, B.C. Eatock, I.P. Buckingham, G. Masurel.
264 1|aDownsview, Ontario : |bDefence and Civil Institute of Environmental Medicine : |bDepartment of National Defence, Canada, |cJanuary 1981.
300 |a1 online resource (34 pages, 9 unnumbered pages) : |bgraphs.
336 |atext|btxt|2rdacontent
337 |acomputer|bc|2rdamedia
338 |aonline resource|bcr|2rdacarrier
4901 |aDCIEM report ; |vno. 81-R-02
500 |aDigitized edition from print [produced by Defence R&D Canada].
504 |aIncludes bibliographical references (page 15).
650 0|aDecompression (Physiology)|zCanada|xData processing.
650 0|aDecompression (Physiology)|zCanada|xTesting.
650 6|aDécompression (Physiologie)|zCanada|xInformatique.
650 6|aDécompression (Physiologie)|zCanada|xEssais.
7102 |aDefence and Civil Institute of Environmental Medicine (Canada), |eissuing body.
7101 |aCanada. |bDepartment of National Defence, |eissuing body.
830#0|aDCIEM report ;|vno. 81-R-02.|w(CaOODSP)9.941842
85640|qPDF|s2.35 MB|uhttps://publications.gc.ca/collections/collection_2025/rddc-drdc/DR52-19-17-1981-eng.pdf